| 000 | 00606nam a2200205 i 4500 | ||
|---|---|---|---|
| 001 | 21620 | ||
| 003 | ES-MaACL | ||
| 005 | 20230906152521.0 | ||
| 007 | t| | ||
| 008 | 021126s1932 sp ||||1| spa d | ||
| 100 | 1 |
_aAlcaraz Martínez, Enrique. _919515 |
|
| 245 | 1 | 3 |
_aLa agricultura y el clima / _cpor Enrique Alcaraz Martínez. |
| 250 | _a1ª ed. | ||
| 260 |
_aBarcelona : _bSalvat, _c1932. |
||
| 300 |
_a176 p. : _bil., 1 map. ; _c21 cm. |
||
| 490 | 1 | _aBiblioteca agrícola Salvat | |
| 830 | 0 |
_aBiblioteca agrícola Salvat _9181672 |
|
| 852 |
_aES-MaACL _jA-494 _bR.10202 |
||
| 999 |
_c21620 _d21620 |
||